000 00561nam a2200169 i 4500
001 71450
003 ES-MaACL
005 20230906171132.0
007 t|
008 040811s1968 sp ||||1| spa d
100 1 _aGelinier, Octave.
_956254
245 1 0 _aDirección participativa por objetivos /
_cOctave Gelinier ; introducción, Bernardino Herrero Nieto.
260 _a[Madrid :
_bAsociación para el Progreso de la Dirección,
_c1968]
300 _a124 p. ;
_c27 cm.
700 1 _aHerrero Nieto, Bernardino.
_963336
852 _aES-MaACL
_jC-36374
_bR.68231
999 _c71450
_d71450